Galactic and extra-galactic radio astronomy (Record no. 4728)
[ view plain ]
| 000 -LEADER | |
|---|---|
| fixed length control field | 00673nam a2200205Ia 4500 |
| 003 - CONTROL NUMBER IDENTIFIER | |
| control field | IN-BaIIA |
| 008 - FIXED-LENGTH DATA ELEMENTS--GENERAL INFORMATION | |
| fixed length control field | 211028s9999 xx 000 0 eng d |
| 020 ## - INTERNATIONAL STANDARD BOOK NUMBER | |
| International Standard Book Number | 3-540-06504-0 |
| 040 ## - CATALOGING SOURCE | |
| Transcribing agency | IIA Library |
| 080 ## - UNIVERSAL DECIMAL CLASSIFICATION NUMBER | |
| Universal Decimal Classification number | 52-77:524.7 |
| Item number | GAL |
| 245 #0 - TITLE STATEMENT | |
| Title | Galactic and extra-galactic radio astronomy |
| Statement of responsibility, etc. | edited by Gerrit L. Verschuur and Kenneth I. Kellermann |
| 260 ## - PUBLICATION, DISTRIBUTION, ETC. | |
| Place of publication, distribution, etc. | Berlin |
| Name of publisher, distributor, etc. | Springer-Verlag |
| Date of publication, distribution, etc. | 1974 |
| 300 ## - PHYSICAL DESCRIPTION | |
| Extent | ix, 402p. |
| 650 ## - SUBJECT ADDED ENTRY--TOPICAL TERM | |
| Topical term or geographic name entry element | Extragalactic radio sources |
| 9 (RLIN) | 8394 |
| 650 ## - SUBJECT ADDED ENTRY--TOPICAL TERM | |
| Topical term or geographic name entry element | Radio astronomy |
| 650 ## - SUBJECT ADDED ENTRY--TOPICAL TERM | |
| Topical term or geographic name entry element | Astronomy and astrophysics thesaurus |
| 9 (RLIN) | 1143 |
| 700 ## - ADDED ENTRY--PERSONAL NAME | |
| Personal name | Kellermann, Kenneth I., ed. |
| 9 (RLIN) | 8395 |
| 700 ## - ADDED ENTRY--PERSONAL NAME | |
| Personal name | Verschuur, Gerrit L., ed. |
| 9 (RLIN) | 8396 |
| 942 ## - ADDED ENTRY ELEMENTS (KOHA) | |
| Koha item type | Books |
| Withdrawn status | Lost status | Damaged status | Not for loan | Home library | Current library | Shelving location | Date acquired | Total Checkouts | Full call number | Barcode | Date last seen | Date last checked out | Price effective from | Koha item type |
|---|---|---|---|---|---|---|---|---|---|---|---|---|---|---|
| IIA Library-Bangalore | IIA Library-Bangalore | General Stacks | 08/05/1975 | 1 | 52-77:524.7/ GAL | 5283 | 29/03/2023 | 11/08/2022 | 08/05/1975 | Books |